Sports Quiz

Random Sports or Basketball Quiz

NBA: Almost Back-to-Back Championship Wins Quiz Stats

 Plays Quiz Updated Dec 28, 2017

Challenge
Share
Tweet
Embed
Score 0/12 Timer 01:00
6 Plays Today
Year Team % Correct
1948Philadelphia Warriors
97.2%
2016Golden State Warriors
97.2%
2017Cleveland Cavaliers
96.6%
1973Los Angeles Lakers
92.6%
1983Los Angeles Lakers
92.6%
1989Los Angeles Lakers
92.6%
2014Miami Heat
90.7%
1958Boston Celtics
90.7%
1985Boston Celtics
90.7%
1987Boston Celtics
90.7%
2005Detroit Pistons
78.9%
1979Washington Bullets
44%

You're not logged in!

Compare scores with friends on all Sporcle quizzes.
Join for Free
OR
Log In

You Might Also Like...

Show Comments

Extras

Top Quizzes Today


Score Distribution

Your Account Isn't Verified!

In order to create a playlist on Sporcle, you need to verify the email address you used during registration. Go to your Sporcle Settings to finish the process.

Report this User

Report this user for behavior that violates our Community Guidelines.

Details: